Southville International School and Colleges
Your cart is empty.
  • Cart
  • Lists
    Public lists Eva Luna New books Lux_list list_1
    Your lists Log in to create your own lists
  • Log in to your account
  • Your cookies
  • Search history
Southville International School and Colleges
  • Advanced search
  • Recent comments
  • Most popular
  • Libraries

Log in to your account

Log in with GOOGLE


If you do not have an external account, but do have a local account, you can still log in:

  1. Home
  2. MARC view: NetWare :
Normal view MARC view ISBD view

NetWare : (Record no. 14297)

[ view plain ]
MARC details
000 -LEADER
fixed length control field 00881cam a2200265 a 4500
001 - CONTROL NUMBER
control field 2996250
003 - CONTROL NUMBER IDENTIFIER
control field PILC
005 - DATE AND TIME OF LATEST TRANSACTION
control field 20150112093429.0
008 - FIXED-LENGTH DATA ELEMENTS--GENERAL INFORMATION
fixed length control field 930318s1993 inua 001 0 eng
010 ## - LIBRARY OF CONGRESS CONTROL NUMBER
LC control number 93017137
020 ## - INTERNATIONAL STANDARD BOOK NUMBER
International Standard Book Number 156205158X :
040 ## - CATALOGING SOURCE
Original cataloging agency DLC
Transcribing agency DLC
Modifying agency DLC
050 00 - LIBRARY OF CONGRESS CALL NUMBER
Classification number QA 76.76
Item number .N476 1993
082 00 - DEWEY DECIMAL CLASSIFICATION NUMBER
Classification number CSF 005.7
Item number Si9 1993
100 1# - MAIN ENTRY--PERSONAL NAME
Personal name Siyan, Karanjit,
9 (RLIN) 8608
245 10 - TITLE STATEMENT
Title NetWare :
Statement of responsibility, etc Karanjit Siyan.
Remainder of title the professional reference /
250 ## - EDITION STATEMENT
Edition statement 2nd ed.
260 ## - PUBLICATION, DISTRIBUTION, ETC. (IMPRINT)
Place of publication, distribution, etc Carmel, Ind. :
Name of publisher, distributor, etc New Riders Pub.,
Date of publication, distribution, etc 1993.
300 ## - PHYSICAL DESCRIPTION
Extent 1256 pages :
Other physical details illustration ;
Dimensions 23 cm.
630 00 - SUBJECT ADDED ENTRY--UNIFORM TITLE
Uniform title NetWare.
9 (RLIN) 8553
650 #0 - SUBJECT ADDED ENTRY--TOPICAL TERM
Topical term or geographic name as entry element Operating systems (Computers)
9 (RLIN) 7135
906 ## - LOCAL DATA ELEMENT F, LDF (RLIN)
a 7
b cbc
c orignew
d 1
e ocip
f 19
g y-gencatlg
942 ## - ADDED ENTRY ELEMENTS (KOHA)
Source of classification or shelving scheme Library of Congress Classification
Koha item type Books
Holdings
Withdrawn status Lost status Source of classification or shelving scheme Damaged status Home library Current library Shelving location Date acquired Total Checkouts Full call number Barcode Date last seen Price effective from Koha item type
    Library of Congress Classification   Southville International School Affiliated with Foreign Universities Library Southville International School Affiliated with Foreign Universities Library Southville Foreign University Section 08/06/2013   QA 76.76 .N476 1993 SFU0054 05/15/2018 08/06/2013 Books

NetWare :

APA

Siyan K., . (1993). NetWare. Carmel, Ind: New Riders Pub.

Chicago

Siyan Karanjit, . 1993. NetWare. Carmel, Ind: New Riders Pub.

Harvard

Siyan K., . (1993). NetWare. Carmel, Ind: New Riders Pub.

MLA

Siyan Karanjit, . NetWare. Carmel, Ind: New Riders Pub. 1993.

  • Place hold
  • Print
  • Cite
  • Add to your cart (remove)
  • Save record
    BIBTEX Dublin Core MARCXML MARC (non-Unicode/MARC-8) MARC (Unicode/UTF-8) MARC (Unicode/UTF-8, Standard) MODS (XML) RIS
  • More searches
    Search for this title in:
    Other Libraries (WorldCat) Other Databases (Google Scholar) Online Stores (Bookfinder.com) Open Library (openlibrary.org)

Exporting to Dublin Core...

SOUTHVILLE LIBRARY

Southville International School and Colleges Library

1281 Tropical Ave. Cor. Luxembourg St., BF Homes International, Las Pinas City

Tel. No. 8256374 / 252358 Loc. 117/146

Powered by Koha